000 00925nam a2200241Ia 4500
001 17052
003 GE_BSU
008 181216s||||||||xx |||||||||||||| ||und||
040 _cGE_BSU
080 _a821.161.1-32
100 _aნოვიკოვი, ლევ. ტარადანკინი,ალექსანდრე
245 _aპოლარული ვარიაგი
245 _bდოკუმ. მოთხრობა
245 _cწინასიტყვ. ა. გოლოვკოსი ; თარგმნა გ. ქველაძე
260 _aთბილისი
260 _bნაკადული
260 _c1970
300 _a263 გვ.20 სმ.
653 _aდოკუმ. მოთხრობა
653 _aპოლარული ვარიაგი
653 _aტარადანკინი, ალექსანდრე
942 _cBK
999 _c50114
_d50114